AGE OF THE PLATFORM HOW AMAZON APPLE FAC (Record no. 27994)

MARC details
000 -LEADER
fixed length control field 00375nam a2200133Ia 4500
008 - FIXED-LENGTH DATA ELEMENTS--GENERAL INFORMATION
fixed length control field 240624s9999 xx 000 0 und d
041 ## - LANGUAGE CODE
Language code of text/sound track or separate title eng
082 ## - DEWEY DECIMAL CLASSIFICATION NUMBER
Classification number 658 SIM
100 ## - MAIN ENTRY--PERSONAL NAME
Personal name SIMON PHIL
245 ## - TITLE STATEMENT
Title AGE OF THE PLATFORM HOW AMAZON APPLE FAC
260 ## - PUBLICATION, DISTRIBUTION, ETC.
Date of publication, distribution, etc. 2013
Place of publication, distribution, etc. facebook, and google have redefined businessHenderson
Name of publisher, distributor, etc. Motion
300 ## - PHYSICAL DESCRIPTION
Extent 282 : p. : cm. ; 22
365 ## - TRADE PRICE
Currency code RS
Holdings
Withdrawn status Lost status Damaged status Not for loan Home library Current library Shelving location Date acquired Cost, normal purchase price Full call number Barcode Date last seen Copy number Price effective from Koha item type
        IMTN IMTN Rack 21-B 10/06/2016 1130.00 658 SIM 27994 06/24/2024 1 06/24/2024 Books
Designed & Maintained by: LRC IMT Nagpur Contact: lrc@imtnag.ac.in© 2024. All Rights Reserved.